00947nam a2200217 a 4500001001000000003000500010005001700015008004100032010001100073011001100084040000900095100003200104245020900136260004200345500006000387502013100447650002400578650003700602650002000639856007000659000111175CHAP20220329144201.0141211s20010014mx fsm |||||||spa d a107637 a108609 cCHAP1 aZorrilla Sánchez, Alberto10aEvaluación económica de la instalación de un sistema de producción apícola sustentable en el ejido Constitución, municipio de Cintalapa, Chiapas.h[En línea]cpor Alberto Zorrilla Sánchez. aChapingo, Méx. :bEl autor,c20014. aPara ver el contenido del material haga clic en la liga aTesis (M. C. en Economía Agrícola y de los Recursos Naturales) -- UACH. Divisíon de Ciencias Económico Administrativas14aApiculturaxChiapas14aDesarrollo sustentablezChiapas.14aMedio ambiente. aFinding aiduhttp://10.13.5.2/tesis/sist111175.pdfzTeclea aquí